The Hidden Life In Freemasonry (Record no. 1249818)

MARC details
000 -LEADER
fixed length control field 00524nam a2200193Ia 4500
008 - FIXED-LENGTH DATA ELEMENTS--GENERAL INFORMATION
fixed length control field 151121s9999||||xx |||||||||||||| ||und||
082 ## - DEWEY DECIMAL CLASSIFICATION NUMBER
Classification number 294।5 /Lea
082 ## - DEWEY DECIMAL CLASSIFICATION NUMBER
Item number HNW-68324
100 ## - MAIN ENTRY--PERSONAL NAME
Personal name Leadbeater C। W।
245 #4 - TITLE STATEMENT
Title The Hidden Life In Freemasonry
260 ## - PUBLICATION, DISTRIBUTION, ETC. (IMPRINT)
Name of publisher, distributor, etc Theosophical Pub। House।
260 ## - PUBLICATION, DISTRIBUTION, ETC. (IMPRINT)
Date of publication, distribution, etc --
300 ## - PHYSICAL DESCRIPTION
Extent 376
600 ## - SUBJECT ADDED ENTRY--PERSONAL NAME
Personal name Leadbeater C। W।
630 ## - SUBJECT ADDED ENTRY--UNIFORM TITLE
Uniform title The Hidden Life In Freemasonry
700 ## - ADDED ENTRY--PERSONAL NAME
Personal name Leadbeater C। W।
730 ## - ADDED ENTRY--UNIFORM TITLE
Uniform title The Hidden Life In Freemasonry
942 ## - ADDED ENTRY ELEMENTS (KOHA)
Koha item type Book
Holdings
Withdrawn status Lost status Damaged status Not for loan Home library Current library Date acquired Total Checkouts Full call number Barcode Date last seen Price effective from Koha item type
        Hirachand Nemchand Wachanalaya, Solapur Hirachand Nemchand Wachanalaya, Solapur 11/21/2015   HNW-68324 HNW-68324 11/21/2015 11/21/2015 Book